Disability (Record no. 104378)

MARC details
000 -LEADER
fixed length control field 01494cam a2200313 4500
001 - CONTROL NUMBER
control field L130178
008 - FIXED-LENGTH DATA ELEMENTS--GENERAL INFORMATION
fixed length control field 050630n2005 000 0 eng u
020 ## - INTERNATIONAL STANDARD BOOK NUMBER
International Standard Book Number 1900648482
035 ## - SYSTEM CONTROL NUMBER
System control number (Sirsi) u130178
041 0# - LANGUAGE CODE
Language code of text/sound track or separate title eng
050 04 - LIBRARY OF CONGRESS CALL NUMBER
Classification number 725.54 $2 18
245 ## - TITLE STATEMENT
Title Disability
Remainder of title making buildings accessible
250 ## - EDITION STATEMENT
Edition statement 3rd. ed.
260 ## - PUBLICATION, DISTRIBUTION, ETC.
Place of publication, distribution, etc. Cambridge
Name of publisher, distributor, etc. Workplace Law
Date of publication, distribution, etc. 2005
300 ## - PHYSICAL DESCRIPTION
Extent 208p.
Other physical details ill.
Dimensions 30cm.
350 ## - PRICE (NR) (BK AM CF MU VM SE) [OBSOLETE]
Price 99
520 ## - SUMMARY, ETC.
Summary, etc. Revised third edition of this guide for employers and service providers. Individual essays review the legislation and the needs of people with physical visual disabilities, as well as those with special educational needs and the elderly. Includes chapters on landlord and tenant issues and making historic buildings accessible. Reproduces the Disability Rights Commission "Code of practice: rights of access - goods, facilities, services and premises".
520 ## - SUMMARY, ETC.
Summary, etc. Supersedes second edition (ISBN 1900648849).
590 ## - LOCAL NOTE (RLIN)
Local note IKA300805
650 24 - SUBJECT ADDED ENTRY--TOPICAL TERM
Topical term or geographic name entry element DISABILITY DISCRIMINATION ACT 1995
650 24 - SUBJECT ADDED ENTRY--TOPICAL TERM
Topical term or geographic name entry element DISABILITY DISCRIMINATION ACT 2005
650 24 - SUBJECT ADDED ENTRY--TOPICAL TERM
Topical term or geographic name entry element BUILDING REGULATIONS 2000 APPROVED DOCUMENT M (2004 EDITION)
650 24 - SUBJECT ADDED ENTRY--TOPICAL TERM
Topical term or geographic name entry element SPECIAL EDUCATIONAL NEEDS AND DISABILITY ACT 2001
650 24 - SUBJECT ADDED ENTRY--TOPICAL TERM
Topical term or geographic name entry element DRC CODE OF PRACTICE: RIGHTS OF ACCESS - GOODS, FACILITIES, SERVICES AND PREMISES
651 #4 - SUBJECT ADDED ENTRY--GEOGRAPHIC NAME
Geographic name UNITED KNIGDOM
690 ## - LOCAL SUBJECT ADDED ENTRY--TOPICAL TERM (OCLC, RLIN)
Topical term or geographic name as entry element MANAGEMENT-BUSINESS MANAGEMENT-DISCRIMINATION-DISABILITY DISCRIMINATION
700 1# - ADDED ENTRY--PERSONAL NAME
Personal name Bright, Keith
Relator term Editor
942 ## - ADDED ENTRY ELEMENTS (KOHA)
Suppress in OPAC 0
Holdings
Withdrawn status Lost status Source of classification or shelving scheme Damaged status Not for loan Home library Current library Shelving location Date acquired Cost, normal purchase price Total Checkouts Full call number Barcode Date last seen Date last checked out Copy number Cost, replacement price Price effective from Koha item type
    Dewey Decimal Classification     London London Folio 30/08/2005 75.73 14 F725.54 DIS 30071285 06/08/2019 05/01/2010 1 75.73 06/08/2019 Book